000 00293nam a2200133Ia 4500
100 _aLele R.D.
942 _cRB
654 _acomputers in medicines
245 _aComputers in Medicines
260 _bTata Mc Graw hill
_aNew Delhi
_c1993
300 _a439
546 _aENGLISH
999 _c21075
_d21075